书目信息 |
| 题名: |
电镀废水处理技术及工程实例
|
|
| 作者: | 贾金平 , 谢少艾 , 陈虹锦 编著 | |
| 分册: | ||
| 出版信息: | 北京 化学工业出版社 2009 |
|
| 页数: | 216页 | |
| 开本: | 26cm | |
| 丛书名: | 废水处理技术及工程实例丛书 | |
| 单 册: | ||
| 中图分类: | X781.103 | |
| 科图分类: | ||
| 主题词: | 电镀废水--废水处理 , 电镀废水 , 废水处理 | |
| 电子资源: | ||
| ISBN: | 978-7-122-03490-8 | |
| 000 | 01392oam2 2200313 45 | |
| 001 | 1050941859 | |
| 005 | 20100420101249.18 | |
| 010 | @a978-7-122-03490-8@dCNY48.00 | |
| 100 | @a20100409d2009 ekmy0chiy0120 ea | |
| 101 | 0 | @achi |
| 102 | @aCN@b110000 | |
| 105 | @ay z 000yy | |
| 106 | @ar | |
| 200 | 1 | @a电镀废水处理技术及工程实例@ADian Du Fei Shui Chu Li Ji Shu Ji Gong Cheng Shi Li@f贾金平,谢少艾,陈虹锦编著@FJia Jin Ping, Xie Shao Ai, Chen Hong Jin Bian Zhu |
| 205 | @a2版 | |
| 210 | @a北京@c化学工业出版社@d2009 | |
| 215 | @a216页@d26cm | |
| 225 | 2 | @a废水处理技术及工程实例丛书@v4 |
| 330 | @a本书在介绍电镀废水的来源及其危害的基础上,从清洁生产的角度对先进的清洗技术及其工艺进行了介绍,以期实现电镀漂洗水低(微)排放,然后介绍了包括化学法、离子交换法、电解法以及其他一些目前比较常见的处理方法的基本原理及其选择原则;再结合工程实例,重点介绍了治理工艺、流程和设备,并分别介绍了含氰、铬、镍、铜、锌、金、银等废水,以及酸碱混合废水等伴生污染和电镀污泥、高浓废水的综合治理,并对电镀废水的处理方向进行了展望。 | |
| 461 | 0 | @12001 @a废水处理技术及工程实例丛书@v4 |
| 606 | 0 | @a电镀废水@x废水处理 |
| 606 | 0 | @a电镀废水 |
| 606 | 0 | @a废水处理 |
| 690 | @aX781.103@v4 | |
| 701 | 0 | @a贾金平@AJia Jin Ping@4编著 |
| 701 | 0 | @a谢少艾@AXie Shao Ai@4编著 |
| 701 | 0 | @a陈虹锦@AChen Hong Jin@4编著 |
| 801 | 0 | @aCN@bTANGWEI@c20100420 |
| 905 | @b0591987-91@dX781.103@e153=2@f5 | |
| 电镀废水处理技术及工程实例/贾金平,谢少艾,陈虹锦编著.-2版.-北京:化学工业出版社,2009 |
| 216页;26cm.-(废水处理技术及工程实例丛书;4) |
| ISBN 978-7-122-03490-8:CNY48.00 |
| 本书在介绍电镀废水的来源及其危害的基础上,从清洁生产的角度对先进的清洗技术及其工艺进行了介绍,以期实现电镀漂洗水低(微)排放,然后介绍了包括化学法、离子交换法、电解法以及其他一些目前比较常见的处理方法的基本原理及其选择原则;再结合工程实例,重点介绍了治理工艺、流程和设备,并分别介绍了含氰、铬、镍、铜、锌、金、银等废水,以及酸碱混合废水等伴生污染和电镀污泥、高浓废水的综合治理,并对电镀废水的处理方向进行了展望。 |
| ● |
| 相关链接 |
|
|
|
|
正题名:电镀废水处理技术及工程实例
索取号:X781.103/153=2
 
预约/预借
| 序号 | 登录号 | 条形码 | 馆藏地/架位号 | 状态 | 备注 |
| 1 | 0591987 | 205919871 | 第二样本阅览室/ [索取号:X781.103/153=2] | 在馆 | |
| 2 | 0591988 | 205919880 | 密集书库-化学系/ [索取号:X781.103/153=2] | 在馆 | |
| 3 | 0591989 | 205919899 | 第三借阅区/ [索取号:X781.103/153=2] | 在馆 | |
| 4 | 0591990 | 205919906 | 第三借阅区/ [索取号:X781.103/153=2] | 在馆 | |
| 5 | 0591991 | 205919915 | 第三借阅区/ [索取号:X781.103/153=2] | 在馆 |